Les joueurs de la France depuis leur dernier trophée - Statistiques

Statistiques générales
  • Ce quiz a été pris 54 fois
    5 depuis la dernière actualisation
  • Le résultat moyen est 51 sur 58
Statistiques - réponses
Poste Joueur Clubs (depuis le 11/10/2021) % Correct
M Adrien Rabiot Juventus, Olympique de Marseille
100%
G Alban Lafont FC Nantes
100%
G Alphonse Aréola Paris SG, West Ham (prêt), West Ham
100%
A Antoine Griezmann FC Barcelone, Atletico Madrid (prêt), Atletico Madrid
100%
M Aurélien Tchouaméni AS Monaco, Real Madrid
100%
D Benjamin Pavard Bayern Munich, Inter Milan
100%
A Bradley Barcola Olympique Lyonnais, Paris SG
100%
G Brice Samba Nottingham Forest, RC Lens, Stade Rennais
100%
A Désiré Doué Stade Rennais, Paris SG
100%
M Eduardo Camavinga Real Madrid
100%
D Ferland Mendy Real Madrid
100%
G Hugo Lloris Tottenham Hotspur, Los Angeles FC
100%
D Ibrahima Konaté Liverpool FC
100%
D Jonathan Clauss RC Lens, Olympique de Marseille, OGC Nice
100%
D Jules Koundé FC Séville, FC Barcelone
100%
A Karim Benzema Real Madrid, Al-Ittihad
100%
M Khéphren Thuram OGC Nice, Juventus Turin
100%
A Kylian Mbappé Paris SG, Real Madrid
100%
G Lucas Chevalier LOSC Lille, Valenciennes FC (prêt)
100%
D Lucas Digne Everton, Aston Villa
100%
D Lucas Hernández Bayern Munich, Paris SG
100%
A Marcus Thuram Borussia M'Gladbach, Inter Milan
100%
M Mattéo Guendouzi Olympique de Marseille, Lazio Rome (prêt), Lazio Rome
100%
A Michael Olise Crystal Palace, Bayern Munich
100%
G Mike Maignan AC Milan
100%
A Moussa Diaby Bayer Leverkusen, Aston Villa, Al-Ittihad
100%
M N'Golo Kanté Chelsea, Al-Ittihad
100%
A Olivier Giroud AC Milan, Los Angeles FC
100%
M Paul Pogba Manchester United, Juventus
100%
D Presnel Kimpembe Paris SG
100%
A Randal Kolo Muani FC Nantes, Eintracht Francfort, Paris SG, Juventus (prêt)
100%
G Steve Mandanda Olympique de Marseille, Stade Rennais
100%
D Théo Hernández AC Milan
100%
M Warren Zaïre-Emery Paris SG
100%
D Wesley Fofana Leicester City, Chelsea
100%
M Youssouf Fofana AS Monaco, AC Milan
100%
M Christopher Nkunku RB Leipzig, Chelsea
80%
D Clément Lenglet FC Barcelone, Tottenham Hotspur (prêt), Aston Villa (prêt), Atletico Madrid (prêt)
80%
D Dayot Upamecano Bayern Munich
80%
M Jordan Veretout AS Rome, Olympique de Marseille, Olympique Lyonnais
80%
A Kingsley Coman Bayern Munich
80%
D Kurt Zouma West Ham, Al-Orobah (prêt)
80%
D Léo Dubois Olympique Lyonnais, Galatasaray, Istanbul Basaksehir (prêt), Eyüpspor
80%
D Malo Gusto Olympique Lyonnais, Chelsea, Olympique Lyonnais (prêt)
80%
M Manu Koné Borussia M'Gladbach, AS Rome (prêt), AS Rome
80%
A Ousmane Dembélé FC Barcelone, Paris SG
80%
D William Saliba Arsenal, Olympique de Marseille (prêt)
80%
D Adrien Truffert Stade Rennais
60%
D Axel Disasi AS Monaco, Chelsea, Aston Villa (prêt)
60%
G Benoît Costil Girondins de Bordeaux, AJ Auxerre, LOSC Lille, Salernitana
60%
M Boubacar Kamara Olympique de Marseille, Aston Villa
60%
D Castello Lukeba Olympique Lyonnais, RB Leipzig
60%
D Jean-Clair Todibo OGC Nice, West Ham (prêt)
60%
D Pierre Kalulu AC Milan, Juventus (prêt)
60%
D Raphaël Varane Manchester United, Como (retraité)
60%
A Rayan Cherki Olympique Lyonnais
60%
A Wissam Ben Yedder AS Monaco, Sepahan FC
60%
D Benoît Badiashile AS Monaco, Chelsea
40%
Aucun quiz correspondant
Distribution des résultats
% des personnes avec chaque résultat
Percentile par nombre de réponses
Votre historique - résultats
Vous n’avez pas pris ce quiz depuis la dernière actualisation